| 000 | 01104nam a2200229Ia 4500 | ||
|---|---|---|---|
| 003 | OSt | ||
| 005 | 20210719115451.0 | ||
| 008 | 210310s2006 ck fr 000 0 eng d | ||
| 040 |
_aCO-JMCR _cCO-JMCR |
||
| 041 | 0 | _aspa | |
| 082 | 0 | 4 |
_a332.672 / _bP945d _223 |
| 110 | 2 |
_aPriceWaterhouseCoopers _938544 |
|
| 245 | 1 | 0 |
_aDoing business and investing in Colombia / _cPriceWaterhouseCoopers |
| 260 |
_a[Bogotá] : _bPriceWaterhouseCoopers, _c2006 |
||
| 300 |
_a185 páginas ; _c21 cm. |
||
| 490 | 0 | _aConnectedthinking | |
| 500 | _aIncluye notas a pie de página. | ||
| 505 | 0 | _aColombia- A profile -- Business environment -- Foreign investment and trade -- Exchange and foreign investment regime -- Regulstory environment -- Banking and finance -- Foreign trade and customs regime -- Business entities -- Labor relations, social security and visas -- Audit requirements and practices -- Accounting principles and practices -- Tax regime -- Legal regime for contracts -- Environmental regime | |
| 650 | 1 | 4 |
_aInversión _916373 _zColombia |
| 650 | 2 | 4 |
_aEntorno empresarial _zColombia _938545 |
| 942 |
_2ddc _cBK |
||
| 999 |
_c8114 _d8114 |
||